Normal view
MARC view
- Reid, Robert
Entry Personal Name
001 - CONTROL NUMBER
- control field: 118025
003 - CONTROL NUMBER IDENTIFIER
- control field: NUST
005 - DATE AND TIME OF LATEST TRANSACTION
- control field: 20230919121318.0
008 - FIXED-LENGTH DATA ELEMENTS
- fixed length control field: 230919|| aca||aabn | a|a d
040 ## - CATALOGING SOURCE
- Original cataloging agency: NUST
- Transcribing agency: NUST
100 ## - HEADING--PERSONAL NAME
- Personal name: Reid, Robert
670 ## - SOURCE DATA FOUND
- Source citation: Work cat.: (NUST)599629: Reid, Robert , Facility manager's guide to security : protecting your assets /, 2019-09-27
